| 000 | 00854nam a2200253 i 4500 | ||
|---|---|---|---|
| 999 |
_c76623 _d76623 |
||
| 001 | C2-0267692 | ||
| 003 | PPAK | ||
| 005 | 20190625145228.0 | ||
| 008 | 051009s xx |||| ||||| | eng d | ||
| 040 |
_aPPAK _beng _cPPAK _erda |
||
| 082 | 0 | 4 |
_a630.9595 _223 |
| 090 | 0 | 0 |
_a630.9595 _bMAL _dKK |
| 110 | 2 | _aMalaysia, Government | |
| 245 | 0 | 0 |
_aFeasibility study on Rationalization and crop diversification in non-granary irrigated areas in Malaysia _bDraft final report (August 1990) |
| 264 | 1 | _bJapan International Cooperation Agency , | |
| 300 | _c30 cm | ||
| 336 |
_2rdacontent _atext |
||
| 337 |
_2rdamedia _aunmediated |
||
| 338 |
_2rdacarrier _avolume |
||
| 500 | _aStudy report 2 ; No. 21 (B) | ||
| 650 | 1 | 0 | _aAgriculture - Research - Malaysia ; Agriculture and state - Malaysia |
| 710 | 2 |
_aMalaysia, Government _eorganizer |
|
| 942 |
_cB _2ddc |
||